000 01206nam a2200325 c 4500
999 _c126973
_d126973
003 BLK
005 20220224095112.0
008 180409b bul|||||r ||||||| ||bul||
010 _aKNG00132665000
040 _aBLK
041 _aBUL
_cBUL
072 7 _2bullib
_aК
_xКраезнание
072 7 _2bullib
_aЯ
_xАвтографи
080 _aБългарска литература
_b821.163.2
_x-32
_z821.163.2-32
080 _aБългарска литература
_b821.163.2
_x-1
_z821.163.2-1
100 1 _aБиков, Владимир Тодоров
_eпърви автор
_9296860
139 _aБиков, Владимир Тодоров
_bБ 44
245 1 0 _aЕдна повест, три разказа, няколко стихотворения
_cВладимир Тодоров Биков.
257 _aBGR
260 _bИзд. авт.
_c1993
300 _a154 с.
_c22 см
380 _aX
659 _aК
659 _aЯ
852 _aЦб 174388
852 _aК 821.163.2/Б 44 В
856 4 _qpdf
856 4 _qpdf
942 _cKNG
_n0
_s1
944 _aCR
_c07.08.2012
_l07.08.2012 - от С1,Р / 07.08.2012
_kРенета_Константинова
944 _aED
_c24.10.2014
_l07.08.2012 - от С1,Р / 07.08.2012
999 _d126973